Normal view
MARC view
- Elexander, J. C. Ed
Entry Personal Name
001 - CONTROL NUMBER
- control field: 63666
003 - CONTROL NUMBER IDENTIFIER
- control field: OSt
005 - DATE AND TIME OF LATEST TRANSACTION
- control field: 20220806110628.0
008 - FIXED-LENGTH DATA ELEMENTS
- fixed length control field: 220806|| aca||aabn | a|a d
040 ## - CATALOGING SOURCE
- Original cataloging agency: OSt
- Transcribing agency: OSt
100 ## - HEADING--PERSONAL NAME
- Personal name: Elexander, J. C. Ed
670 ## - SOURCE DATA FOUND
- Source citation: Work cat.: (OSt)36147: Elexander, J. C. Ed., Mainstream And Critical Social Theory: Classical, Modern And Contemporary, Vol.2., 2001